[Event "Russian Rapid Team Championship (m)"]
[Site "Sochi"]
[Date "2022.10.19"]
[Round "8.13"]
[White "Afanasiev, Nikita"]
[Black "Salemgareev, Tagir"]
[Result "0-1"]
[BlackElo "2432"]
[WhiteElo "2535"]
[LiveChessVersion "1.4.8"]

1. Nf3 {[%clk 0:15:16]} d5 {[%clk 0:15:18]} 2. e3 {[%clk 0:15:22]} c5
{[%clk 0:15:20]} 3. b3 {[%clk 0:15:31]} a6 {[%clk 0:15:28]} 4. Bb2
{[%clk 0:15:38]} Nc6 {[%clk 0:15:36]} 5. d4 {[%clk 0:15:33]} cxd4
{[%clk 0:15:28]} 6. Nxd4 {[%clk 0:15:32]} Nf6 {[%clk 0:15:36]} 7. Nxc6
{[%clk 0:15:11]} bxc6 {[%clk 0:15:45]} 8. Be2 {[%clk 0:15:11]} Bf5
{[%clk 0:15:46]} 9. O-O {[%clk 0:15:16]} e6 {[%clk 0:15:54]} 10. c4
{[%clk 0:15:25]} Bd6 {[%clk 0:15:51]} 11. Nd2 {[%clk 0:15:33]} O-O
{[%clk 0:15:57]} 12. Nf3 {[%clk 0:15:37]} Bg6 {[%clk 0:14:57]} 13. Rc1
{[%clk 0:15:37]} Ne4 {[%clk 0:14:24]} 14. Qd4 {[%clk 0:15:01]} f6
{[%clk 0:14:21]} 15. cxd5 {[%clk 0:15:04]} cxd5 {[%clk 0:14:28]} 16. b4
{[%clk 0:13:54]} Bf7 {[%clk 0:14:04]} 17. a3 {[%clk 0:13:17]} Be8
{[%clk 0:12:32]} 18. Bd3 {[%clk 0:12:08]} Bb5 {[%clk 0:11:04]} 19. Rfd1
{[%clk 0:07:46]} Bxd3 {[%clk 0:11:07]} 20. Qxd3 {[%clk 0:07:48]} Qd7
{[%clk 0:11:13]} 21. g3 {[%clk 0:07:32]} Rfc8 {[%clk 0:09:16]} 22. Nd4
{[%clk 0:05:31]} Rxc1 {[%clk 0:09:03]} 23. Rxc1 {[%clk 0:05:38]} Be5
{[%clk 0:09:10]} 24. Kg2 {[%clk 0:03:42]} Nd6 {[%clk 0:08:42]} 25. Bc3
{[%clk 0:03:20]} Nc4 {[%clk 0:08:36]} 26. Nb3 {[%clk 0:03:13]} Bxc3
{[%clk 0:08:15]} 27. Rxc3 {[%clk 0:03:21]} Rd8 {[%clk 0:07:01]} 28. Nc5
{[%clk 0:03:26]} Qc6 {[%clk 0:06:35]} 29. f3 {[%clk 0:03:08]} Re8
{[%clk 0:06:32]} 30. Nb3 {[%clk 0:03:01]} Rc8 {[%clk 0:06:10]} 31. Kg1
{[%clk 0:02:50]} Qb7 {[%clk 0:05:45]} 32. Nc5 {[%clk 0:02:52]} Qb6
{[%clk 0:05:53]} 33. Na4 {[%clk 0:02:42]} Qb5 {[%clk 0:05:19]} 34. Nc5
{[%clk 0:02:50]} Ne5 {[%clk 0:05:01]} 35. Qxb5 {[%clk 0:02:44]} axb5
{[%clk 0:05:10]} 36. Kf2 {[%clk 0:02:47]} Kf7 {[%clk 0:05:17]} 37. Ne4
{[%clk 0:02:45]} Nc4 {[%clk 0:05:00]} 38. Nd2 {[%clk 0:02:19]} e5
{[%clk 0:04:43]} 39. Ke2 {[%clk 0:02:04]} Ke6 {[%clk 0:04:44]} 40. Nb1
{[%clk 0:02:09]} Ra8 {[%clk 0:04:32]} 41. Rd3 {[%clk 0:02:14]} g5
{[%clk 0:04:31]} 42. Rc3 {[%clk 0:02:05]} h5 {[%clk 0:04:28]} 43. Rc2
{[%clk 0:02:13]} d4 {[%clk 0:04:10]} 44. exd4 {[%clk 0:01:58]} exd4
{[%clk 0:04:19]} 45. f4 {[%clk 0:01:15]} Kd5 {[%clk 0:04:24]} 46. Kf3
{[%clk 0:01:15]} Re8 {[%clk 0:03:56]} 47. Rc1 {[%clk 0:01:09]} Re3+
{[%clk 0:03:58]} 48. Kf2 {[%clk 0:01:18]} gxf4 {[%clk 0:04:02]} 49. gxf4
{[%clk 0:01:27]} Ke4 {[%clk 0:04:10]} 50. a4 {[%clk 0:01:09]} Nb2
{[%clk 0:04:00]} 51. Nd2+ {[%clk 0:01:04]} Kxf4 {[%clk 0:04:08]} 52. Rf1
{[%clk 0:01:12]} Nxa4 {[%clk 0:04:04]} 53. Kg2+ {[%clk 0:01:15]} Ke5
{[%clk 0:04:12]} 54. Nf3+ {[%clk 0:01:24]} Kd5 {[%clk 0:04:12]} 55. Rd1
{[%clk 0:01:08]} Re4 {[%clk 0:04:17]} 56. Nd2 {[%clk 0:01:02]} Re2+
{[%clk 0:04:22]} 57. Kf1 {[%clk 0:00:30]} Rxh2 {[%clk 0:04:20]} 58. Nf3
{[%clk 0:00:37]} Rh1+ {[%clk 0:04:27]} 59. Ng1 {[%clk 0:00:45]} Nc3
{[%clk 0:04:33]} 60. Rd2 {[%clk 0:00:54]} Kc4 {[%clk 0:04:36]} 61. Kg2
{[%clk 0:00:58]} Rh4 {[%clk 0:04:22]} 62. Nf3 {[%clk 0:01:07]} Rg4+
{[%clk 0:04:30]} 63. Kh2 {[%clk 0:01:15]} d3 {[%clk 0:04:32]} 64. Ne1
{[%clk 0:01:10]} Rd4 {[%clk 0:04:15]} 65. Nf3 {[%clk 0:00:52]} Ne4
{[%clk 0:04:19]} 66. Rd1 {[%clk 0:00:51]} d2 {[%clk 0:04:26]} 67. Kg2
{[%clk 0:00:51]} Rd3 {[%clk 0:04:32]} 0-1

[Event "Russian Rapid Team Championship (m)"]
[Site "Sochi"]
[Date "2022.10.19"]
[Round "8.14"]
[White "Gutenev, Alexander"]
[Black "Tsydypov, Zhamsaran"]
[Result "1/2-1/2"]
[BlackElo "2554"]
[WhiteElo "2437"]
[LiveChessVersion "1.4.8"]

1. e4 {[%clk 0:15:18]} c5 {[%clk 0:15:19]} 2. Nc3 {[%clk 0:15:18]} e6
{[%clk 0:15:26]} 3. Nf3 {[%clk 0:15:26]} a6 {[%clk 0:15:28]} 4. d4
{[%clk 0:15:34]} cxd4 {[%clk 0:15:37]} 5. Nxd4 {[%clk 0:15:43]} Qc7
{[%clk 0:15:43]} 6. Be2 {[%clk 0:15:50]} Nf6 {[%clk 0:15:51]} 7. O-O
{[%clk 0:15:57]} Be7 {[%clk 0:15:54]} 8. Be3 {[%clk 0:16:01]} O-O
{[%clk 0:15:59]} 9. f4 {[%clk 0:16:09]} d6 {[%clk 0:16:07]} 10. Kh1
{[%clk 0:15:47]} b5 {[%clk 0:16:06]} 11. Bf3 {[%clk 0:15:54]} Bb7
{[%clk 0:16:04]} 12. e5 {[%clk 0:14:43]} dxe5 {[%clk 0:16:08]} 13. fxe5
{[%clk 0:14:51]} Nfd7 {[%clk 0:14:44]} 14. Bf4 {[%clk 0:13:22]} Nc6
{[%clk 0:14:26]} 15. Nxc6 {[%clk 0:12:58]} Bxc6 {[%clk 0:14:35]} 16. Qe2
{[%clk 0:12:40]} b4 {[%clk 0:14:29]} 17. Bxc6 {[%clk 0:12:37]} Qxc6
{[%clk 0:14:38]} 18. Ne4 {[%clk 0:12:42]} Rac8 {[%clk 0:14:30]} 19. Rad1
{[%clk 0:12:35]} Rc7 {[%clk 0:12:47]} 20. Rd3 {[%clk 0:10:27]} Nc5
{[%clk 0:11:37]} 21. Nf6+ {[%clk 0:09:39]} Bxf6 {[%clk 0:11:17]} 22. exf6
{[%clk 0:09:46]} Nxd3 {[%clk 0:10:59]} 23. Bxc7 {[%clk 0:09:01]} Qxc7
{[%clk 0:10:31]} 24. Qg4 {[%clk 0:05:04]} g6 {[%clk 0:10:13]} 25. cxd3
{[%clk 0:05:04]} Qd6 {[%clk 0:09:54]} 26. Qh3 {[%clk 0:04:27]} Rd8
{[%clk 0:09:58]} 27. Qh6 {[%clk 0:04:31]} Qf8 {[%clk 0:10:07]} 28. Qe3
{[%clk 0:04:33]} Rd5 {[%clk 0:09:41]} 29. h3 {[%clk 0:04:28]} Qd8
{[%clk 0:08:52]} 30. Qh6 {[%clk 0:04:34]} Qf8 {[%clk 0:09:01]} 31. Qe3
{[%clk 0:04:41]} Qd8 {[%clk 0:08:53]} 32. Qh6 {[%clk 0:04:49]} Qf8
{[%clk 0:09:02]} 33. Qe3 {[%clk 0:04:58]} Qd8 {[%clk 0:09:09]} 1/2-1/2

[Event "Russian Rapid Team Championship (m)"]
[Site "Sochi"]
[Date "2022.10.19"]
[Round "8.15"]
[White "Rozum, Ivan"]
[Black "Somkin, Kirill"]
[Result "1-0"]
[BlackElo "2122"]
[WhiteElo "2540"]
[LiveChessVersion "1.4.8"]

1. Nf3 {[%clk 0:15:18]} d5 {[%clk 0:15:16]} 2. g3 {[%clk 0:15:26]} Nd7
{[%clk 0:15:22]} 3. d4 {[%clk 0:15:34]} Nb6 {[%clk 0:15:21]} 4. Bg2
{[%clk 0:15:43]} Nf6 {[%clk 0:15:25]} 5. O-O {[%clk 0:15:50]} Bf5
{[%clk 0:15:18]} 6. a4 {[%clk 0:15:57]} a5 {[%clk 0:15:26]} 7. Ne5
{[%clk 0:15:55]} c6 {[%clk 0:13:40]} 8. f3 {[%clk 0:15:32]} h6 {[%clk 0:11:10]}
9. e4 {[%clk 0:15:26]} Bh7 {[%clk 0:10:52]} 10. Be3 {[%clk 0:13:19]} e6
{[%clk 0:10:03]} 11. Nd2 {[%clk 0:13:27]} Be7 {[%clk 0:09:01]} 12. Qe2
{[%clk 0:13:34]} O-O {[%clk 0:08:57]} 13. c3 {[%clk 0:13:32]} Qc7
{[%clk 0:07:04]} 14. Nd3 {[%clk 0:11:38]} Nfd7 {[%clk 0:06:59]} 15. Qf2
{[%clk 0:09:13]} Rfc8 {[%clk 0:06:01]} 16. f4 {[%clk 0:08:58]} dxe4
{[%clk 0:04:57]} 17. Bxe4 {[%clk 0:09:03]} Bxe4 {[%clk 0:04:48]} 18. Nxe4
{[%clk 0:09:12]} Nf6 {[%clk 0:02:48]} 19. Nxf6+ {[%clk 0:09:08]} Bxf6
{[%clk 0:02:56]} 20. f5 {[%clk 0:09:13]} exf5 {[%clk 0:02:44]} 21. Qxf5
{[%clk 0:09:21]} Nd5 {[%clk 0:02:46]} 22. Bd2 {[%clk 0:09:13]} Re8
{[%clk 0:02:23]} 23. Rae1 {[%clk 0:09:19]} Rxe1 {[%clk 0:01:17]} 24. Rxe1
{[%clk 0:09:27]} b6 {[%clk 0:00:52]} 25. Qg4 {[%clk 0:07:30]} Kf8
{[%clk 0:00:36]} 26. Rf1 {[%clk 0:06:42]} Qc8 {[%clk 0:00:29]} 27. Qe4
{[%clk 0:06:34]} Kg8 {[%clk 0:00:12]} 28. c4 {[%clk 0:06:38]} Nb4
{[%clk 0:00:16]} 29. Ne5 {[%clk 0:03:49]} c5 {[%clk 0:00:12]} 30. d5
{[%clk 0:03:46]} Qe8 {[%clk 0:00:18]} 31. Rxf6 {[%clk 0:02:52]} gxf6
{[%clk 0:00:28]} 32. Bxh6 {[%clk 0:03:00]} Kh8 {[%clk 0:00:12]} 33. Qh4
{[%clk 0:03:03]} Qg8 {[%clk 0:00:14]} 34. Bg5+ {[%clk 0:02:17]} Qh7
{[%clk 0:00:14]} 35. Bxf6+ {[%clk 0:02:26]} Kg8 {[%clk 0:00:24]} 36. Qxh7+
{[%clk 0:01:53]} Kxh7 {[%clk 0:00:32]} 37. d6 {[%clk 0:02:03]} 1-0

[Event "Russian Rapid Team Championship (m)"]
[Site "Sochi"]
[Date "2022.10.19"]
[Round "8.16"]
[White "Baigildin, Albert"]
[Black "Moiseenko, Vadim"]
[Result "1/2-1/2"]
[BlackElo "2429"]
[WhiteElo "2258"]
[LiveChessVersion "1.4.8"]

1. e4 {[%clk 0:15:17]} c5 {[%clk 0:15:18]} 2. Nf3 {[%clk 0:15:25]} Nf6
{[%clk 0:15:21]} 3. Nc3 {[%clk 0:15:30]} d5 {[%clk 0:15:27]} 4. exd5
{[%clk 0:14:45]} Nxd5 {[%clk 0:15:26]} 5. Ne5 {[%clk 0:12:32]} Nf6
{[%clk 0:14:12]} 6. Bb5+ {[%clk 0:11:08]} Nbd7 {[%clk 0:13:44]} 7. Qf3
{[%clk 0:11:13]} Qc7 {[%clk 0:13:09]} 8. Nxd7 {[%clk 0:07:50]} Bxd7
{[%clk 0:13:16]} 9. O-O {[%clk 0:07:34]} g6 {[%clk 0:11:39]} 10. d3
{[%clk 0:07:15]} Bxb5 {[%clk 0:11:36]} 11. Nxb5 {[%clk 0:07:23]} Qd7
{[%clk 0:11:43]} 12. a4 {[%clk 0:06:12]} Bg7 {[%clk 0:11:27]} 13. Na3
{[%clk 0:05:43]} Qd5 {[%clk 0:10:28]} 14. Qe2 {[%clk 0:05:31]} e6
{[%clk 0:09:00]} 15. Nc4 {[%clk 0:05:33]} O-O {[%clk 0:09:05]} 16. Bd2
{[%clk 0:05:22]} Nd7 {[%clk 0:08:03]} 17. Rfe1 {[%clk 0:05:09]} Rad8
{[%clk 0:06:39]} 18. a5 Nb8 {[%clk 0:06:44]} 19. Bc3 {[%clk 0:04:04]} Bd4
{[%clk 0:06:51]} 20. Bxd4 {[%clk 0:04:01]} Qxd4 {[%clk 0:06:37]} 21. Qf3
{[%clk 0:03:47]} Qd5 {[%clk 0:06:33]} 22. Qf6 {[%clk 0:02:14]} Nc6
{[%clk 0:06:32]} 23. Ne5 {[%clk 0:02:02]} Nxe5 {[%clk 0:05:56]} 24. Qxe5
{[%clk 0:02:10]} Qc6 {[%clk 0:05:42]} 25. Qc3 {[%clk 0:01:38]} Rd5
{[%clk 0:05:21]} 26. Re5 {[%clk 0:01:44]} Rxe5 {[%clk 0:05:18]} 27. Qxe5
{[%clk 0:01:53]} Rd8 {[%clk 0:04:48]} 28. b3 {[%clk 0:01:53]} Qd5
{[%clk 0:04:02]} 29. Qc7 {[%clk 0:01:04]} Kg7 {[%clk 0:03:48]} 30. a6
{[%clk 0:00:56]} bxa6 {[%clk 0:02:34]} 31. Qxa7 {[%clk 0:01:02]} Ra8
{[%clk 0:02:36]} 32. Qb6 {[%clk 0:01:05]} Qd4 {[%clk 0:02:06]} 33. Qa5
{[%clk 0:01:13]} h5 {[%clk 0:01:50]} 34. h3 {[%clk 0:01:21]} Qd6 {[%clk 0:01:22]}
35. Ra4 {[%clk 0:01:18]} Ra7 {[%clk 0:01:27]} 36. Rc4 {[%clk 0:01:23]} Rc7
{[%clk 0:00:47]} 37. b4 {[%clk 0:01:28]} Qe5 {[%clk 0:00:34]} 38. Kf1
{[%clk 0:01:06]} Qh2 {[%clk 0:00:32]} 39. f4 {[%clk 0:01:15]} Rb7
{[%clk 0:00:29]} 40. Qxc5 {[%clk 0:01:23]} Rb5 {[%clk 0:00:23]} 41. Qd4+
{[%clk 0:01:14]} Kh7 {[%clk 0:00:31]} 42. Rc5 {[%clk 0:00:58]} Qh1+
{[%clk 0:00:36]} 43. Kf2 {[%clk 0:01:04]} Qc1 {[%clk 0:00:14]} 44. Rc8
{[%clk 0:00:56]} e5 {[%clk 0:00:14]} 45. fxe5 {[%clk 0:01:05]} Qd2+
{[%clk 0:00:19]} 46. Kf3 {[%clk 0:00:30]} Rxb4 {[%clk 0:00:23]} 47. Qe3
{[%clk 0:00:33]} Qd1+ {[%clk 0:00:25]} 48. Kf2 {[%clk 0:00:31]} Rb1
{[%clk 0:00:25]} 49. Qf4 {[%clk 0:00:16]} Qe1+ {[%clk 0:00:20]} 50. Kf3
{[%clk 0:00:24]} Qf1+ {[%clk 0:00:19]} 51. Kg3 {[%clk 0:00:30]} Qe1+
{[%clk 0:00:23]} 52. Kh2 {[%clk 0:00:29]} Qg1+ {[%clk 0:00:31]} 53. Kg3
{[%clk 0:00:38]} Qe1+ {[%clk 0:00:39]} 54. Kf3 {[%clk 0:00:42]} Qf1+
{[%clk 0:00:46]} 55. Kg3 {[%clk 0:00:38]} Qe1+ {[%clk 0:00:55]} 56. Kh2
{[%clk 0:00:46]} Qg1+ {[%clk 0:00:52]} 1/2-1/2

[Event "Russian Rapid Team Championship (m)"]
[Site "Sochi"]
[Date "2022.10.19"]
[Round "9.1"]
[White "Ponkratov, Pavel"]
[Black "Zakhartsov, Vladimir"]
[Result "1-0"]
[BlackElo "2435"]
[WhiteElo "2518"]
[LiveChessVersion "1.4.8"]

1. e4 {[%clk 0:15:18]} c5 {[%clk 0:15:16]} 2. Nf3 {[%clk 0:15:26]} Nc6
{[%clk 0:15:24]} 3. d4 {[%clk 0:15:35]} cxd4 {[%clk 0:15:31]} 4. Nxd4
{[%clk 0:15:43]} Nf6 {[%clk 0:15:34]} 5. Nc3 {[%clk 0:15:52]} e5 {[%clk 0:15:33]}
6. Ndb5 {[%clk 0:15:54]} d6 {[%clk 0:15:40]} 7. Bg5 {[%clk 0:16:01]} a6
{[%clk 0:15:44]} 8. Na3 {[%clk 0:16:06]} b5 {[%clk 0:15:51]} 9. Bxf6
{[%clk 0:16:13]} gxf6 {[%clk 0:15:50]} 10. Nd5 {[%clk 0:16:21]} f5
{[%clk 0:15:53]} 11. g3 {[%clk 0:16:29]} Bg7 {[%clk 0:13:50]} 12. Bg2
{[%clk 0:16:24]} fxe4 {[%clk 0:12:03]} 13. Bxe4 {[%clk 0:16:25]} Ra7
{[%clk 0:11:56]} 14. Qd3 {[%clk 0:15:33]} O-O {[%clk 0:10:00]} 15. g4
{[%clk 0:13:48]} Qh4 {[%clk 0:08:17]} 16. h3 {[%clk 0:11:08]} Be6
{[%clk 0:08:08]} 17. O-O-O {[%clk 0:10:46]} Rd8 {[%clk 0:06:17]} 18. Kb1
{[%clk 0:10:30]} Ne7 {[%clk 0:05:47]} 19. Qe3 {[%clk 0:09:55]} Rad7
{[%clk 0:05:05]} 20. c3 {[%clk 0:09:42]} Kh8 {[%clk 0:04:28]} 21. Nc2
{[%clk 0:09:42]} f5 {[%clk 0:04:23]} 22. gxf5 {[%clk 0:09:08]} Nxd5
{[%clk 0:04:28]} 23. Bxd5 {[%clk 0:08:08]} Bxf5 {[%clk 0:04:37]} 24. f3
{[%clk 0:08:16]} b4 {[%clk 0:03:45]} 25. cxb4 {[%clk 0:08:00]} Bxc2+
{[%clk 0:03:02]} 26. Kxc2 {[%clk 0:08:06]} Qxb4 {[%clk 0:03:08]} 27. Qe4
{[%clk 0:07:58]} Qb6 {[%clk 0:03:16]} 28. Kb1 {[%clk 0:07:26]} Rf8
{[%clk 0:03:10]} 29. Rd3 {[%clk 0:05:04]} Rc7 {[%clk 0:02:47]} 30. Qe3
{[%clk 0:04:37]} Qb5 {[%clk 0:02:15]} 31. Be4 {[%clk 0:04:14]} Rb8
{[%clk 0:01:34]} 32. Rb3 {[%clk 0:04:08]} Qe8 {[%clk 0:01:43]} 33. Rd1
{[%clk 0:04:14]} Rbc8 {[%clk 0:01:19]} 34. a3 {[%clk 0:03:26]} Qe6
{[%clk 0:01:05]} 35. Ka2 {[%clk 0:03:35]} Rc5 {[%clk 0:01:06]} 36. Qd3
{[%clk 0:03:43]} Rd8 {[%clk 0:00:31]} 37. Qxa6 {[%clk 0:03:37]} Bf8
{[%clk 0:00:14]} 38. Qb7 {[%clk 0:03:25]} Qxh3 {[%clk 0:00:13]} 39. f4
{[%clk 0:02:38]} Qd7 {[%clk 0:00:22]} 40. Rh1 {[%clk 0:02:43]} h6
{[%clk 0:00:20]} 41. Qxd7 {[%clk 0:02:51]} Rxd7 {[%clk 0:00:29]} 42. Rb8
{[%clk 0:03:00]} Kg8 {[%clk 0:00:16]} 43. b4 {[%clk 0:02:59]} Rc3
{[%clk 0:00:12]} 44. Rg1+ {[%clk 0:03:07]} Rg7 {[%clk 0:00:18]} 45. Bd5+
{[%clk 0:02:52]} Kh7 {[%clk 0:00:26]} 46. Rd1 {[%clk 0:02:20]} Rgg3
{[%clk 0:00:15]} 47. Rxf8 {[%clk 0:02:28]} Rxa3+ {[%clk 0:00:14]} 48. Kb2
{[%clk 0:02:36]} Rae3 {[%clk 0:00:15]} 49. Rd2 {[%clk 0:02:44]} exf4
{[%clk 0:00:15]} 50. Rxf4 {[%clk 0:02:48]} Kg6 {[%clk 0:00:13]} 51. b5
{[%clk 0:02:56]} Kg5 {[%clk 0:00:21]} 52. Rb4 {[%clk 0:03:04]} 1-0

[Event "Russian Rapid Team Championship (m)"]
[Site "Sochi"]
[Date "2022.10.19"]
[Round "9.2"]
[White "Zakhartsov, Viacheslav V."]
[Black "Shomoev, Anton"]
[Result "0-1"]
[BlackElo "2553"]
[WhiteElo "2414"]
[LiveChessVersion "1.4.8"]

1. d4 {[%clk 0:15:19]} Nf6 {[%clk 0:15:17]} 2. c4 {[%clk 0:15:27]} g6
{[%clk 0:15:26]} 3. Nf3 {[%clk 0:15:31]} Bg7 {[%clk 0:15:33]} 4. g3
{[%clk 0:15:39]} O-O {[%clk 0:15:27]} 5. Bg2 {[%clk 0:15:48]} d5 {[%clk 0:15:35]}
6. cxd5 {[%clk 0:15:54]} Nxd5 {[%clk 0:15:44]} 7. O-O {[%clk 0:16:01]} Nc6
{[%clk 0:15:51]} 8. Nc3 {[%clk 0:15:54]} Bf5 {[%clk 0:15:58]} 9. Qb3
{[%clk 0:14:58]} Nxc3 {[%clk 0:14:15]} 10. bxc3 {[%clk 0:15:06]} Na5
{[%clk 0:13:49]} 11. Qa4 {[%clk 0:13:03]} b6 {[%clk 0:13:41]} 12. Nh4
{[%clk 0:10:25]} Bd7 {[%clk 0:13:41]} 13. Qc2 {[%clk 0:09:55]} Rc8
{[%clk 0:13:04]} 14. Rd1 {[%clk 0:08:59]} c5 {[%clk 0:12:16]} 15. d5
{[%clk 0:08:58]} Qe8 {[%clk 0:12:16]} 16. a4 {[%clk 0:08:58]} e6 {[%clk 0:12:20]}
17. e4 {[%clk 0:07:28]} exd5 {[%clk 0:12:27]} 18. exd5 {[%clk 0:07:37]} Bg4
{[%clk 0:12:31]} 19. Bf3 {[%clk 0:07:22]} Qd7 {[%clk 0:12:24]} 20. Bf4
{[%clk 0:07:05]} Rfe8 {[%clk 0:12:21]} 21. Rab1 {[%clk 0:06:35]} h6
{[%clk 0:10:08]} 22. Bxg4 {[%clk 0:05:23]} Qxg4 {[%clk 0:10:15]} 23. Ng2
{[%clk 0:05:32]} g5 {[%clk 0:08:49]} 24. Bd2 {[%clk 0:04:23]} Qf3
{[%clk 0:05:12]} 25. Ne3 {[%clk 0:04:03]} Re4 {[%clk 0:05:19]} 26. Re1
{[%clk 0:02:31]} Rce8 {[%clk 0:05:27]} 27. Qd3 {[%clk 0:02:19]} Nc4
{[%clk 0:05:09]} 28. d6 {[%clk 0:02:28]} Rd8 {[%clk 0:04:44]} 29. Qd5
{[%clk 0:02:23]} Rxd6 {[%clk 0:04:28]} 30. Qa8+ {[%clk 0:02:32]} Kh7
{[%clk 0:04:37]} 31. Nxc4 {[%clk 0:02:09]} Rxe1+ {[%clk 0:04:40]} 32. Bxe1
{[%clk 0:02:18]} Qxa8 {[%clk 0:04:43]} 33. Nxd6 {[%clk 0:02:28]} Qd5
{[%clk 0:04:30]} 34. Nb5 {[%clk 0:02:37]} Qa2 {[%clk 0:04:37]} 0-1

[Event "Russian Rapid Team Championship (m)"]
[Site "Sochi"]
[Date "2022.10.19"]
[Round "9.3"]
[White "Lysyj, Igor"]
[Black "Kukhmazov, Arsen"]
[Result "1/2-1/2"]
[BlackElo "2459"]
[WhiteElo "2530"]
[LiveChessVersion "1.4.8"]

1. d4 {[%clk 0:15:19]} Nf6 {[%clk 0:15:19]} 2. c4 {[%clk 0:15:27]} e6
{[%clk 0:15:28]} 3. Nc3 {[%clk 0:15:36]} Bb4 {[%clk 0:15:36]} 4. Qc2
{[%clk 0:15:45]} d5 {[%clk 0:15:42]} 5. cxd5 {[%clk 0:15:53]} exd5
{[%clk 0:15:49]} 6. Bf4 {[%clk 0:16:02]} c6 {[%clk 0:12:19]} 7. a3
{[%clk 0:15:42]} Bd6 {[%clk 0:11:46]} 8. Bxd6 {[%clk 0:15:48]} Qxd6
{[%clk 0:11:55]} 9. e3 {[%clk 0:15:55]} O-O {[%clk 0:11:53]} 10. Bd3
{[%clk 0:16:01]} Bg4 {[%clk 0:11:30]} 11. h3 {[%clk 0:14:29]} Bh5
{[%clk 0:11:38]} 12. Nge2 {[%clk 0:14:38]} Bg6 {[%clk 0:11:34]} 13. Nf4
{[%clk 0:14:17]} Bxd3 {[%clk 0:11:36]} 14. Nxd3 {[%clk 0:14:26]} Nbd7
{[%clk 0:11:41]} 15. O-O {[%clk 0:14:31]} Rfe8 {[%clk 0:11:45]} 16. b4
{[%clk 0:14:38]} a6 {[%clk 0:09:43]} 17. Nc5 {[%clk 0:13:46]} Qc7
{[%clk 0:08:18]} 18. a4 {[%clk 0:12:28]} Nb6 {[%clk 0:08:13]} 19. b5
{[%clk 0:08:27]} axb5 {[%clk 0:08:22]} 20. axb5 {[%clk 0:08:35]} Nc4
{[%clk 0:08:30]} 21. bxc6 {[%clk 0:07:59]} bxc6 {[%clk 0:08:38]} 22. Ne2
{[%clk 0:07:19]} Ra7 {[%clk 0:07:36]} 23. Rxa7 {[%clk 0:07:11]} Qxa7
{[%clk 0:07:45]} 24. Nf4 {[%clk 0:07:09]} g6 {[%clk 0:05:46]} 25. Nfd3
{[%clk 0:06:26]} Rb8 {[%clk 0:05:48]} 26. Qc3 {[%clk 0:06:07]} Qa5
{[%clk 0:02:37]} 27. Qxa5 {[%clk 0:06:06]} Nxa5 {[%clk 0:02:46]} 28. Ne5
{[%clk 0:05:59]} Ne8 {[%clk 0:02:45]} 29. Ra1 {[%clk 0:04:30]} Rb5
{[%clk 0:02:54]} 30. Na4 {[%clk 0:04:33]} f6 {[%clk 0:02:39]} 31. Nd3
{[%clk 0:03:04]} Nc4 {[%clk 0:02:42]} 32. Nac5 {[%clk 0:03:02]} Ra5
{[%clk 0:02:41]} 33. Rb1 {[%clk 0:02:49]} Rb5 {[%clk 0:02:29]} 34. Ra1
{[%clk 0:02:51]} Ra5 {[%clk 0:02:38]} 35. Rxa5 {[%clk 0:01:41]} Nxa5
{[%clk 0:02:47]} 36. g4 {[%clk 0:01:48]} Kf7 {[%clk 0:02:45]} 37. h4
{[%clk 0:01:51]} Nd6 {[%clk 0:02:07]} 38. Kg2 Nab7 {[%clk 0:01:18]} 39. Na6
{[%clk 0:01:40]} Nc4 {[%clk 0:01:00]} 40. Kg3 {[%clk 0:01:27]} Nd8
{[%clk 0:00:52]} 41. Nac5 {[%clk 0:01:07]} Ne6 {[%clk 0:00:39]} 42. Nxe6
{[%clk 0:01:12]} Kxe6 {[%clk 0:00:49]} 43. Nc5+ {[%clk 0:01:20]} Ke7
{[%clk 0:00:46]} 44. Kf4 {[%clk 0:01:19]} Nd6 {[%clk 0:00:45]} 45. g5
{[%clk 0:00:56]} Nf7 {[%clk 0:00:27]} 46. Nd3 {[%clk 0:00:45]} h6
{[%clk 0:00:32]} 47. gxf6+ {[%clk 0:00:50]} 1/2-1/2

[Event "Russian Rapid Team Championship (m)"]
[Site "Sochi"]
[Date "2022.10.19"]
[Round "9.4"]
[White "Bryakin, Mikhail"]
[Black "Remizov, Yaroslav"]
[Result "1-0"]
[BlackElo "2355"]
[WhiteElo "2369"]
[LiveChessVersion "1.4.8"]

1. d4 {[%clk 0:15:18]} Nf6 {[%clk 0:15:19]} 2. Nc3 {[%clk 0:15:27]} d6
{[%clk 0:14:21]} 3. e4 {[%clk 0:15:29]} Nbd7 {[%clk 0:14:29]} 4. Nf3
{[%clk 0:15:24]} e5 {[%clk 0:14:37]} 5. Bc4 {[%clk 0:14:53]} Be7 {[%clk 0:14:43]}
6. O-O {[%clk 0:14:57]} O-O {[%clk 0:14:51]} 7. h3 {[%clk 0:14:51]} c6
{[%clk 0:14:57]} 8. a4 {[%clk 0:13:35]} a5 {[%clk 0:15:05]} 9. dxe5
{[%clk 0:12:45]} dxe5 {[%clk 0:14:51]} 10. Qe2 {[%clk 0:12:42]} Qc7
{[%clk 0:14:22]} 11. Nh4 {[%clk 0:09:59]} Nc5 {[%clk 0:11:45]} 12. Nf5
{[%clk 0:09:54]} Bxf5 {[%clk 0:10:43]} 13. exf5 {[%clk 0:10:02]} Rad8
{[%clk 0:10:09]} 14. Be3 {[%clk 0:09:44]} Nd5 {[%clk 0:09:41]} 15. Bxc5 Nxc3
{[%clk 0:07:05]} 16. bxc3 {[%clk 0:06:59]} Bxc5 {[%clk 0:07:14]} 17. f6
{[%clk 0:06:43]} g6 {[%clk 0:06:34]} 18. Rad1 {[%clk 0:06:20]} h6
{[%clk 0:04:23]} 19. h4 {[%clk 0:05:20]} b5 {[%clk 0:02:49]} 20. axb5
{[%clk 0:03:58]} cxb5 {[%clk 0:02:58]} 21. Bd5 {[%clk 0:03:48]} Rfe8
{[%clk 0:00:19]} 22. h5 {[%clk 0:03:11]} g5 {[%clk 0:00:21]} 23. Qxb5
{[%clk 0:02:04]} Qb6 {[%clk 0:00:22]} 24. Qc4 {[%clk 0:01:38]} Rd7
{[%clk 0:00:16]} 25. Rd3 {[%clk 0:01:01]} Red8 {[%clk 0:00:13]} 26. Rfd1
{[%clk 0:00:48]} Kf8 {[%clk 0:00:13]} 27. Rf3 {[%clk 0:00:22]} Rd6
{[%clk 0:00:15]} 28. Rf5 {[%clk 0:00:22]} e4 {[%clk 0:00:19]} 29. Qxe4
{[%clk 0:00:23]} Rxf6 {[%clk 0:00:28]} 30. Rd3 {[%clk 0:00:14]} Bxf2+
{[%clk 0:00:20]} 31. Kh2 {[%clk 0:00:22]} Qd6+ {[%clk 0:00:19]} 32. Kh3
{[%clk 0:00:17]} Rxf5 {[%clk 0:00:12]} 33. Qxf5 {[%clk 0:00:26]} Qf4
{[%clk 0:00:21]} 34. Qxf4 {[%clk 0:00:25]} gxf4 {[%clk 0:00:30]} 35. Kg4
{[%clk 0:00:27]} a4 {[%clk 0:00:29]} 36. Ba2 {[%clk 0:00:22]} Rb8
{[%clk 0:00:12]} 37. Rd7 {[%clk 0:00:31]} Rb2 {[%clk 0:00:20]} 38. Rxf7+
{[%clk 0:00:28]} Ke8 {[%clk 0:00:30]} 39. Rxf4 {[%clk 0:00:21]} Rxa2
{[%clk 0:00:20]} 40. Rxf2 {[%clk 0:00:30]} a3 {[%clk 0:00:29]} 41. Re2+
{[%clk 0:00:31]} Kf7 {[%clk 0:00:36]} 42. Rd2 {[%clk 0:00:20]} Rb2
{[%clk 0:00:43]} 43. Rd7+ {[%clk 0:00:26]} Kf6 {[%clk 0:00:36]} 44. Rh7
{[%clk 0:00:22]} Rxc2 {[%clk 0:00:22]} 45. Rxh6+ {[%clk 0:00:30]} Kg7
{[%clk 0:00:29]} 46. Rg6+ {[%clk 0:00:35]} Kf7 {[%clk 0:00:37]} 47. g3
{[%clk 0:00:17]} Rxc3 {[%clk 0:00:36]} 48. Ra6 {[%clk 0:00:26]} Kg7
{[%clk 0:00:30]} 49. Kh4 {[%clk 0:00:28]} Rc4+ {[%clk 0:00:14]} 50. g4
{[%clk 0:00:36]} Rc3 {[%clk 0:00:22]} 51. h6+ {[%clk 0:00:31]} Kh7
{[%clk 0:00:31]} 52. Kh5 {[%clk 0:00:31]} Rh3+ {[%clk 0:00:14]} 53. Kg5
{[%clk 0:00:39]} Rb3 {[%clk 0:00:19]} 54. Ra7+ {[%clk 0:00:47]} Kg8
{[%clk 0:00:29]} 55. Kh5 {[%clk 0:00:53]} Rc3 {[%clk 0:00:14]} 56. g5
{[%clk 0:00:55]} 1-0